| 000 | 00814nam a2200217Ii 4500 | ||
|---|---|---|---|
| 003 | JO-AjNU | ||
| 008 | 230605s9999||||xx |||||||||||||| ||und|| | ||
| 017 | _a2005/7/1600 | ||
| 040 |
_aJO-AjNU _bara _erda _cJO-AjNU |
||
| 041 | _aara | ||
| 050 | 1 | 4 | _aPJ7521.B345 2005 |
| 100 | 3 |
_aالبغدادي،عبد القادر بن عمر؛تحقيق مزاحم علي عشيش البعاج؛مالك علي عشيش البعاج؛مراجعة عمر محمد ديارنة, _eauthor _924367 |
|
| 245 | 0 | 0 | _aكتاب تراجم الأدباء، ج1 |
| 250 | _aط1 | ||
| 264 | 3 | 1 | _aعمان: دار اليراع، 2005 |
| 300 | _aج1، 391ص | ||
| 336 |
_atext _btxt _2rdacontent |
||
| 337 |
_aunmediated _bn _2rdamedia |
||
| 338 |
_avolume _bnc _2rdacarrier |
||
| 650 | 4 |
_aالادباء العرب-التراجم _924368 |
|
| 999 |
_aA8962 _c12530 _d12530 |
||